000 00636nam a22002057a 4500
003 dpl
005 20180709182513.0
008 180709b xxu||||| |||| 00| 0 eng d
020 _a1403924058
_c375.00
035 _aB-182284
040 _aDPL
_bEN
_c0
082 _a880.8
_bSIG
245 _aSignifying the self
_b:women and literature
_c;edited by Malashri Lal, Shormishtha Panja and Sumanyu Satpathy
260 _aNew Delhi
_bMacMillan India ltd.
_c2004
300 _ax,279p.
_c22cm.
600 _aShormishtha Panj,ed.
600 _aSumanyu Satpathy,ed.
650 _aLiterature
942 _2ddc
_cEN
_h880.8
_mSIG
999 _c153698
_d153698